000 00544nam a2200205 a 4500
001 ASIN8177543148
003 OSt
005 20150408114142.0
008 130928s2010 xxu eng d
020 _a9788174733931
040 _a Ma-Un
082 _222
_a615.4
100 1 _aDharuman, J.
_937514
245 1 0 _aPharmaceutical Organic Chemistry /
_cJ. Dharuman
260 _aNew Delhi :
_bA.I.T.B.S,
_c2010
300 _a265 P.
_c24 cm
650 _aPharmaceutical chemistry
_95548
650 _aChemistry, Organic
942 _2ddc
_cBOOK
999 _c31268
_d265768